| 000 | 00661nam a2200205 a 4500 | ||
|---|---|---|---|
| 005 | 20240426063738.0 | ||
| 008 | 991125c1998 par 000 0 eng u | ||
| 020 | _a9264169660 | ||
| 035 | _aUPN01000007594 | ||
| 049 | _aCG | ||
| 050 | 4 |
_aHV715 _bCH5.4 |
|
| 245 | 0 | 0 |
_aChildren and families at risk : _bnew issues in integrating services / _cCentre for Educational Research and Innovation. |
| 260 |
_aParís : _bOECD, _cc1998. |
||
| 300 |
_a214 p. : _bgráfs. |
||
| 440 | 0 | _aOECD proceedings | |
| 650 | 4 |
_aNiños _xBeneficencia, protección, etc. _925 |
|
| 650 | 4 |
_aNIÑOS PROBLEMA - _xEDUCACION _912089 |
|
| 650 | 4 |
_aPROBLEMAS FAMILIARES _910680 |
|
| 905 | _aLibro | ||
| 999 |
_c7594 _d7594 |
||